Gaming Quiz

Random Gaming or Mario Quiz

Drivers in Mario Kart 7 Quiz Stats

Quiz not verified by Sporcle

Challenge
Share
Tweet
Embed
Score 0/17 Timer 05:00
0 Plays Today
First appearance in Mario Kart Driver % Correct
Super Mario Kart (1992)Mario
97.9%
Super Mario Kart (1992)Luigi
95.9%
Super Mario Kart (1992)Peach
90.7%
Super Mario Kart (1992)Bowser
90.7%
Super Mario Kart (1992)Yoshi
89.7%
Mario Kart 64 (1997)Wario
89.7%
Super Mario Kart (1992)Toad
88.7%
Mario Kart 64 (1997)Donkey Kong
87.6%
Super Mario Kart (1992)Koopa
84.5%
First appearance in Mario Kart Driver % Correct
Mario Kart Double Dash (2003)Daisy
77.3%
Mario Kart DS (2005) (Through DS Download Play)Shy Guy
77.3%
Mario Kart 7 (2011)Wiggler
71.1%
Mario Kart 7 (2011)Metal Mario
70.1%
Mario Kart 7 (2011)Honey Queen
70.1%
Mario Kart Wii (2008)Mii
70.1%
Mario Kar Wii (2008)Rosalina
69.1%
Mario Kart 7 (2011)Lakitu
69.1%

You're not logged in!

Compare scores with friends on all Sporcle quizzes.
Sign Up with Email
OR
Log In

You Might Also Like...

Show Comments

Extras

Top Quizzes Today


Score Distribution

Your Account Isn't Verified!

In order to create a playlist on Sporcle, you need to verify the email address you used during registration. Go to your Sporcle Settings to finish the process.

Report this User

Report this user for behavior that violates our Community Guidelines.

Details: